[Event "British Columbia Closed"]
[Site "Victoria CAN"]
[Date "2010.10.09"]
[Round "3"]
[White "McLaren, Brian"]
[Black "Kyriakides, Savvas"]
[Result "1/2-1/2"]
[WhiteElo "2203"]
[BlackElo "2072"]
[PlyCount "108"]
[EventDate "2010.10.08"]
[EventType "tourn"]
[EventRounds "7"]
[EventCountry "CAN"]

1. e4 c5 2. Nc3 Nc6 3. g3 g6 4. Bg2 Bg7 5. d3 d6 6. Be3 Nf6 7. h3 O-O 8. f4 a6
9. Nge2 Bd7 10. O-O b5 11. Qd2 Rc8 12. g4 Ne8 13. f5 Nd4 14. Ng3 Bc6 15. Nd1
Bb7 16. c3 Nc6 17. Bh6 Ne5 18. Bxg7 Kxg7 19. b3 d5 20. Nf2 Qd6 21. Qf4 d4 22.
c4 Nxc4 23. Qxd6 Ncxd6 24. e5 Bxg2 25. exd6 Bxf1 26. d7 Rd8 27. dxe8=Q Rfxe8
28. Kxf1 e6 29. Rc1 exf5 30. gxf5 Rd5 31. fxg6 hxg6 32. Nge4 Ree5 33. Rc2 g5
34. Kg2 Kg6 35. Ng4 Rf5 36. Ng3 Rf4 37. Re2 a5 38. Ne5+ Kh7 39. Ng4 Kg6 40. Re8
f6 41. Rc8 Kf7 42. Rc6 f5 43. Nf6 Re5 44. Nd7 Re3 45. Nxc5 Rff3 46. Nf1 Rxh3
47. Nxe3 Rxe3 48. Rd6 Re2+ 49. Kf3 Rxa2 50. Rxd4 Ra1 51. Rd5 Kf6 52. Nd7+ Ke6
53. Rxb5 Kxd7 54. Rxf5 Ra3 1/2-1/2

[Event "British Columbia Closed"]
[Site "Victoria CAN"]
[Date "2010.10.09"]
[Round "3"]
[White "Sohal, Tanraj"]
[Black "Yoos, John"]
[Result "1/2-1/2"]
[WhiteElo "2130"]
[BlackElo "2466"]
[PlyCount "89"]
[EventDate "2010.10.08"]
[EventType "tourn"]
[EventRounds "7"]
[EventCountry "CAN"]

1. d4 Nf6 2. c4 e6 3. Nf3 Nc6 4. g3 Bb4+ 5. Bd2 Qe7 6. Bg2 Bxd2+ 7. Nbxd2 d6 8.
e4 e5 9. d5 Nb8 10. O-O a5 11. Ne1 O-O 12. Nd3 c6 13. Qe2 Nbd7 14. Rae1 Re8 15.
h3 Qd8 16. Kh2 cxd5 17. cxd5 b6 18. Qe3 Ba6 19. Rg1 Nc5 20. Nxc5 bxc5 21. Bf1
Bxf1 22. Rgxf1 Nd7 23. Qd3 Qb8 24. Nc4 a4 25. Re2 Nb6 26. Rc1 Nxc4 27. Rxc4 Qb5
28. Qc2 Re7 29. Kg2 g6 30. Re3 Rb7 31. Re2 Qa5 32. Re3 Qb5 33. Ra3 Qxb2 34.
Raxa4 Rab8 35. Qxb2 Rxb2 36. Ra6 R8b6 37. Rca4 Kf8 38. Ra8+ Ke7 39. R4a7+ Rb7
40. a4 c4 41. Rxb7+ Rxb7 42. Rc8 Rb4 43. a5 Ra4 44. a6 Rxa6 45. Rxc4 1/2-1/2

[Event "British Columbia Closed"]
[Site "Victoria CAN"]
[Date "2010.10.09"]
[Round "3"]
[White "Wu, Howard"]
[Black "Patterson, Roger"]
[Result "1-0"]
[WhiteElo "2167"]
[BlackElo "2154"]
[PlyCount "65"]
[EventDate "2010.10.08"]
[EventType "tourn"]
[EventRounds "7"]
[EventCountry "CAN"]

1. e4 e5 2. Nf3 Nc6 3. Bc4 Bc5 4. c3 Nf6 5. b4 Bb6 6. d3 a6 7. O-O d6 8. h3 h6
9. Re1 O-O 10. Nbd2 Ne7 11. Bb3 c6 12. Nf1 Ng6 13. Ng3 Re8 14. d4 a5 15. Be3
exd4 16. Bxd4 c5 17. bxc5 dxc5 18. Bxf6 Qxf6 19. e5 Nxe5 20. Bxf7+ Qxf7 21.
Nxe5 Qc7 22. Qh5 Be6 23. c4 Rf8 24. Rab1 Rad8 25. Ng6 Rfe8 26. Ne5 Rf8 27. Ng6
Rfe8 28. Ne5 Rf8 29. Rb2 Ba7 30. Ng6 Rfe8 31. Rbe2 Bf7 32. Ne7+ Rxe7 33. Rxe7
1-0

[Event "British Columbia Closed"]
[Site "Victoria CAN"]
[Date "2010.10.10"]
[Round "4"]
[White "Kyriakides, Savvas"]
[Black "Patterson, Roger"]
[Result "0-1"]
[WhiteElo "2072"]
[BlackElo "2154"]
[PlyCount "154"]
[EventDate "2010.10.08"]
[EventType "tourn"]
[EventRounds "7"]
[EventCountry "CAN"]

1. e4 c5 2. Nf3 d6 3. d4 cxd4 4. Nxd4 Nf6 5. Nc3 e6 6. Bc4 Be7 7. O-O O-O 8. f4
d5 9. exd5 exd5 10. Be2 Nc6 11. Kh1 Qb6 12. Nxc6 bxc6 13. Bf3 Bb7 14. b3 Rad8
15. Bb2 Ne4 16. Qe1 f5 17. Rd1 Qc7 18. Be2 Bf6 19. Na4 c5 20. Rd3 Rfe8 21. Qd1
Bxb2 22. Nxb2 Ba6 23. c4 d4 24. Na4 Bb7 25. Rh3 Bc6 26. Bd3 Re7 27. Qc2 Qd6 28.
Nb2 Rde8 29. Kg1 g6 30. Nd1 Nf6 31. b4 Ng4 32. b5 Ba8 33. Qd2 Be4 34. Rg3 Bxd3
35. Qxd3 Kf7 36. h3 Nf6 37. Rgf3 Qc7 38. R3f2 Re4 39. Qd2 Qe7 40. Nb2 Re3 41.
Qc2 Ne4 42. Rf3 Ng3 43. R1f2 Rxf3 44. gxf3 Ne2+ 45. Kh2 Nxf4 46. Nd3 Qh4 47.
Nxf4 Qxf4+ 48. Kg2 Re3 49. Qa4 Qc7 50. Qc2 f4 51. a4 Qe7 52. a5 Qh4 53. Qd1
Qg3+ 54. Kf1 Qxh3+ 55. Kg1 Qe6 56. Qc2 Ke7 57. b6 axb6 58. a6 Qd7 59. Re2 d3
60. Rxe3+ fxe3 61. Qc3 Kf7 62. Qh8 Ke6 63. Qg8+ Kf5 64. Qf8+ Kg5 65. a7 d2 66.
f4+ Kh4 67. Qh6+ Kg3 68. Qh2+ Kg4 69. Qg2+ Kxf4 70. Qh2+ Kg5 71. Qe5+ Kh4 72.
Qf6+ Kg4 73. a8=Q d1=Q+ 74. Kh2 Q7d2+ 75. Qg2+ Qxg2+ 76. Kxg2 Qe2+ 77. Kg1 Qf2+
0-1

[Event "British Columbia Closed"]
[Site "Victoria CAN"]
[Date "2010.10.10"]
[Round "4"]
[White "McLaren, Brian"]
[Black "Sohal, Tanraj"]
[Result "1/2-1/2"]
[WhiteElo "2203"]
[BlackElo "2130"]
[PlyCount "46"]
[EventDate "2010.10.08"]
[EventType "tourn"]
[EventRounds "7"]
[EventCountry "CAN"]

1. b3 e5 2. Bb2 Nc6 3. g3 d6 4. Bg2 f5 5. c4 Nf6 6. Nc3 Be7 7. d3 O-O 8. e3 Be6
9. Nd5 Bf7 10. a3 Nxd5 11. cxd5 Nb8 12. Rc1 c6 13. dxc6 Nxc6 14. Nf3 Qb6 15.
Nd2 d5 16. O-O Qa6 17. Nb1 Rfd8 18. b4 e4 19. d4 Rac8 20. Re1 Nb8 21. Qb3 Qe6
22. Rxc8 Rxc8 23. Rc1 Rxc1+ 1/2-1/2

[Event "British Columbia Closed"]
[Site "Victoria CAN"]
[Date "2010.10.10"]
[Round "4"]
[White "Steininger, Gavin"]
[Black "Wu, Howard"]
[Result "0-1"]
[WhiteElo "2130"]
[BlackElo "2167"]
[PlyCount "64"]
[EventDate "2010.10.08"]
[EventType "tourn"]
[EventRounds "7"]
[EventCountry "CAN"]

1. e4 c5 2. Nf3 Nc6 3. d4 cxd4 4. Nxd4 Nf6 5. Nc3 d6 6. Bg5 e6 7. Qd2 a6 8. Be2
Bd7 9. Nb3 b5 10. a3 Rc8 11. Bf4 Ne5 12. Bxe5 dxe5 13. O-O Bc6 14. Qxd8+ Rxd8
15. f3 Nd7 16. Rfd1 Be7 17. Kf1 O-O 18. Na5 Ba8 19. b4 f5 20. Kg1 Nf6 21. exf5
exf5 22. Na2 e4 23. c4 exf3 24. gxf3 bxc4 25. Bxc4+ Kh8 26. Be2 Nh5 27. Rxd8
Bxd8 28. Bxa6 Bxf3 29. Bb7 Bb6+ 30. Kf1 Bg4 31. Rc1 Re8 32. Rc8 Bh3+ 0-1

[Event "British Columbia Closed"]
[Site "Victoria CAN"]
[Date "2010.10.10"]
[Round "4"]
[White "Yoos, John"]
[Black "Gansvind, Valeriya"]
[Result "1-0"]
[WhiteElo "2466"]
[BlackElo "2321"]
[PlyCount "91"]
[EventDate "2010.10.08"]
[EventType "tourn"]
[EventRounds "7"]
[EventCountry "CAN"]

1. e4 g6 2. d4 Bg7 3. Nf3 d6 4. Nc3 c6 5. Be3 b5 6. Bd3 a6 7. Qd2 Qc7 8. a4 Bb7
9. axb5 cxb5 10. O-O Nd7 11. Rfe1 h6 12. h3 Kf8 13. Ne2 Ngf6 14. Ng3 e5 15. c3
Kg8 16. Qd1 Kh7 17. h4 Rhe8 18. h5 Nf8 19. d5 Reb8 20. Nd2 Bc8 21. hxg6+ fxg6
22. Qe2 Ng4 23. Rec1 Nxe3 24. Qxe3 h5 25. Ngf1 Bh6 26. Qe2 Qb6 27. Rc2 Bg4 28.
Qe1 a5 29. Be2 Bc8 30. c4 Nd7 31. cxb5 Nc5 32. Nc4 Qd8 33. Nxa5 Qh4 34. Rxc5
dxc5 35. Nc6 Qxe4 36. Nxb8 Rxb8 37. Qa5 Rb7 38. Bf3 Qh4 39. Qa8 Rxb5 40. Qxc8
Rxb2 41. Qxc5 Bg7 42. Re1 Qa4 43. Be4 Qa6 44. Nh2 Re2 45. Rxe2 Qxe2 46. Qc2 1-0

[Event "British Columbia Closed"]
[Site "Victoria CAN"]
[Date "2010.10.10"]
[Round "5"]
[White "Gansvind, Valeriya"]
[Black "McLaren, Brian"]
[Result "1-0"]
[WhiteElo "2321"]
[BlackElo "2203"]
[PlyCount "77"]
[EventDate "2010.10.08"]
[EventType "tourn"]
[EventRounds "7"]
[EventCountry "CAN"]

1. d4 c5 2. d5 e5 3. e4 d6 4. Nc3 g6 5. Be2 Bg7 6. Nf3 Ne7 7. Nd2 O-O 8. Nc4 a6
9. a4 b6 10. h4 Qc7 11. h5 Re8 12. hxg6 hxg6 13. Bh6 Bxh6 14. Rxh6 Kg7 15. Qd2
Ng8 16. Rh2 Nd7 17. Qg5 Ndf6 18. Qh4 Bd7 19. Ne3 b5 20. a5 b4 21. Nb1 Bb5 22.
Nd2 Bxe2 23. Kxe2 Ra7 24. Ndc4 Rd8 25. f3 Nh5 26. Qg5 Kf8 27. Rah1 Qe7 28. Rxh5
gxh5 29. Qxh5 Qf6 30. Nf5 Qg6 31. Qh3 Rdd7 32. g3 Ne7 33. Qh8+ Ng8 34. Rh6 Qg5
35. Nb6 f6 36. Nxd7+ Rxd7 37. Rh7 Qc1 38. Rxd7 Qxc2+ 39. Kf1 1-0

[Event "British Columbia Closed"]
[Site "Victoria CAN"]
[Date "2010.10.10"]
[Round "5"]
[White "Patterson, Roger"]
[Black "Steininger, Gavin"]
[Result "1/2-1/2"]
[WhiteElo "2154"]
[BlackElo "2130"]
[PlyCount "43"]
[EventDate "2010.10.08"]
[EventType "tourn"]
[EventRounds "7"]
[EventCountry "CAN"]

1. e4 c5 2. Nf3 d6 3. d4 cxd4 4. Nxd4 Nf6 5. Nc3 a6 6. Be2 g6 7. Be3 Bg7 8. f3
Nc6 9. Qd2 Bd7 10. Nd5 O-O 11. c4 Rc8 12. Nxc6 Bxc6 13. O-O Nd7 14. Rac1 a5 15.
b3 Nc5 16. Rfd1 Re8 17. Bf1 e6 18. Nc3 Be5 19. Nb5 Bxb5 20. cxb5 b6 21. g3 Qe7
22. Qg2 1/2-1/2

[Event "British Columbia Closed"]
[Site "Victoria CAN"]
[Date "2010.10.10"]
[Round "5"]
[White "Sohal, Tanraj"]
[Black "Kyriakides, Savvas"]
[Result "0-1"]
[WhiteElo "2130"]
[BlackElo "2072"]
[PlyCount "66"]
[EventDate "2010.10.08"]
[EventType "tourn"]
[EventRounds "7"]
[EventCountry "CAN"]

1. d4 Nf6 2. c4 g6 3. Nc3 Bg7 4. e4 d6 5. f3 O-O 6. Be3 Nbd7 7. Qd2 c6 8. O-O-O
a6 9. g4 b5 10. Nge2 Qa5 11. Ng3 b4 12. Nb1 Qxa2 13. Qxb4 Rb8 14. Qa3 Qxa3 15.
Nxa3 c5 16. Nc2 cxd4 17. Bxd4 Nc5 18. g5 Nfd7 19. Bxg7 Kxg7 20. b4 Ne6 21. h4
Ne5 22. Be2 Bd7 23. Rhf1 Rfc8 24. c5 dxc5 25. Bxa6 Rc7 26. Rd5 cxb4 27. Kb2 Ba4
28. Rf2 Nxf3 29. Bd3 Nf4 30. Rxf3 Nxd3+ 31. Rdxd3 Rxc2+ 32. Kb1 Rbc8 33. Rf1
Bb5 0-1

[Event "British Columbia Closed"]
[Site "Victoria CAN"]
[Date "2010.10.10"]
[Round "5"]
[White "Wu, Howard"]
[Black "Yoos, John"]
[Result "0-1"]
[WhiteElo "2167"]
[BlackElo "2466"]
[PlyCount "108"]
[EventDate "2010.10.08"]
[EventType "tourn"]
[EventRounds "7"]
[EventCountry "CAN"]

1. e4 c5 2. Nf3 d6 3. d4 Nf6 4. Nc3 cxd4 5. Nxd4 Nc6 6. Bg5 a6 7. Qd2 e6 8.
O-O-O Bd7 9. f4 b5 10. Bxf6 gxf6 11. Nxc6 Bxc6 12. Qe3 Qe7 13. Bd3 Qa7 14. Qh3
b4 15. Ne2 Qc5 16. Rhe1 a5 17. Kb1 a4 18. c4 h5 19. f5 e5 20. Qh4 a3 21. b3 Qe3
22. Rf1 Rg8 23. Rf3 Qc5 24. Rg3 Rxg3 25. Qxg3 O-O-O 26. Rf1 Bh6 27. Rf3 Bg5 28.
h4 Bh6 29. Kc2 Kc7 30. Kb1 Kb6 31. Bc2 Bb7 32. Bd3 Kc7 33. Bc2 Rh8 34. Bd3 Bc6
35. Bc2 Qb6 36. Qe1 Qb7 37. Ng1 Rg8 38. Rf2 Rg4 39. Re2 Qb6 40. Nf3 Bf4 41. Bd3
Qc5 42. Bc2 Bg3 43. Qh1 Rf4 44. Qd1 Bxh4 45. Nxh4 Rxh4 46. Re1 Rg4 47. Qd2 h4
48. Kc1 Rf4 49. Qd3 Rf2 50. Re2 Rf1+ 51. Bd1 Rf2 52. Rd2 Rxd2 53. Kxd2 Qf2+ 54.
Be2 Qf4+ 0-1

[Event "British Columbia Closed"]
[Site "Victoria CAN"]
[Date "2010.10.11"]
[Round "6"]
[White "Kyriakides, Savvas"]
[Black "Steininger, Gavin"]
[Result "1/2-1/2"]
[WhiteElo "2072"]
[BlackElo "2130"]
[PlyCount "73"]
[EventDate "2010.10.08"]
[EventType "tourn"]
[EventRounds "7"]
[EventCountry "CAN"]

1. e4 c5 2. Nf3 d6 3. d4 cxd4 4. Nxd4 Nf6 5. Nc3 a6 6. Be2 e5 7. Nb3 Be7 8. a4
Be6 9. Be3 Nbd7 10. f3 O-O 11. O-O Nb6 12. a5 Nc4 13. Bxc4 Bxc4 14. Rf2 d5 15.
Bb6 Qd6 16. Nxd5 Nxd5 17. exd5 Qxd5 18. Qxd5 Bxd5 19. Rd1 Bc6 20. Nc5 Bg5 21.
Re2 Rfe8 22. Rde1 f6 23. Ne4 Bh6 24. Rd1 Re6 25. c4 g6 26. Nc5 Ree8 27. b4 Bf8
28. Rb2 Rac8 29. Kf1 Kf7 30. b5 Bxc5 31. bxc6 Rxc6 32. Bxc5 Rxc5 33. Rxb7+ Re7
34. Rb6 Rxc4 35. Rdd6 f5 36. Rxa6 Rc5 37. Rf6+ 1/2-1/2

[Event "British Columbia Closed"]
[Site "Victoria CAN"]
[Date "2010.10.11"]
[Round "6"]
[White "McLaren, Brian"]
[Black "Wu, Howard"]
[Result "1/2-1/2"]
[WhiteElo "2203"]
[BlackElo "2167"]
[PlyCount "48"]
[EventDate "2010.10.08"]
[EventType "tourn"]
[EventRounds "7"]
[EventCountry "CAN"]

1. e4 c6 2. d3 d5 3. Nd2 dxe4 4. dxe4 e5 5. Ngf3 Bg4 6. Bc4 Bd6 7. a4 Nf6 8.
Qe2 O-O 9. O-O Nbd7 10. Nb3 Qe7 11. Bg5 h6 12. Bh4 Rfe8 13. h3 Bh5 14. Qe3 b6
15. g4 Bg6 16. Nfd2 Nc5 17. Nxc5 Bxc5 18. Qf3 Qd7 19. Bd3 Nh7 20. Rad1 Nf8 21.
Nc4 Qc7 22. Bg3 f6 23. Ne3 Ne6 24. Bc4 Bxe3 1/2-1/2

[Event "British Columbia Closed"]
[Site "Victoria CAN"]
[Date "2010.10.11"]
[Round "6"]
[White "Sohal, Tanraj"]
[Black "Gansvind, Valeriya"]
[Result "1/2-1/2"]
[WhiteElo "2130"]
[BlackElo "2321"]
[PlyCount "52"]
[EventDate "2010.10.08"]
[EventType "tourn"]
[EventRounds "7"]
[EventCountry "CAN"]

1. d4 Nf6 2. c4 e5 3. dxe5 Ng4 4. Bf4 d6 5. h3 Nxe5 6. e3 Be7 7. Nf3 Bf6 8.
Nxe5 Bxe5 9. Bxe5 dxe5 10. Qc2 O-O 11. Nd2 a5 12. O-O-O Qe7 13. Bd3 f5 14. f4
e4 15. Be2 a4 16. Qc3 Na6 17. g4 Nc5 18. Nf1 Ra6 19. Ng3 Rg6 20. Rd5 b6 21. Re5
Qd8 22. Rd1 Qh4 23. Nxf5 Bxf5 24. Rxf5 Rxf5 25. gxf5 Rg2 26. Qe5 h6 1/2-1/2

[Event "British Columbia Closed"]
[Site "Victoria CAN"]
[Date "2010.10.11"]
[Round "6"]
[White "Yoos, John"]
[Black "Patterson, Roger"]
[Result "1-0"]
[WhiteElo "2466"]
[BlackElo "2154"]
[PlyCount "65"]
[EventDate "2010.10.08"]
[EventType "tourn"]
[EventRounds "7"]
[EventCountry "CAN"]

1. e4 e5 2. Nc3 Nc6 3. f4 exf4 4. Nf3 g5 5. h4 g4 6. Ng5 d6 7. d4 h6 8. Nxf7
Kxf7 9. Bc4+ Kg7 10. Bxf4 Be7 11. g3 Nf6 12. Be3 Bd7 13. Qd2 Qe8 14. O-O-O Qh5
15. Qg2 Raf8 16. Rhe1 Bc8 17. a3 a6 18. Ne2 Bd8 19. Nf4 Qe8 20. e5 dxe5 21.
dxe5 Qxe5 22. Bd4 Qxd4 23. Rxd4 Nxd4 24. Qd2 Nf5 25. Qd3 Re8 26. Be6 Bxe6 27.
Rxe6 Nd6 28. Qg6+ Kf8 29. Rxf6+ Bxf6 30. Qxf6+ Kg8 31. Qg6+ Kf8 32. Ne6+ Ke7
33. Nxc7 1-0

[Event "British Columbia Closed"]
[Site "Victoria CAN"]
[Date "2010.10.11"]
[Round "7"]
[White "Gansvind, Valeriya"]
[Black "Kyriakides, Savvas"]
[Result "1/2-1/2"]
[WhiteElo "2321"]
[BlackElo "2072"]
[PlyCount "49"]
[EventDate "2010.10.08"]
[EventType "tourn"]
[EventRounds "7"]
[EventCountry "CAN"]

1. d4 e6 2. Nf3 c5 3. e3 Nf6 4. Bd3 b6 5. c4 Bb7 6. Nc3 Be7 7. O-O d5 8. cxd5
cxd4 9. Bb5+ Kf8 10. Qxd4 Nxd5 11. Nxd5 Qxd5 12. Qxd5 Bxd5 13. Bd2 Bd6 14. Bc3
Ke7 15. Rfd1 f6 16. Nd4 a6 17. Be2 Rd8 18. f3 Bb7 19. Bc4 Bc8 20. Bd3 g6 21. f4
Ra7 22. Kf2 Rc7 23. g3 Bb7 24. Rac1 Kd7 25. Nb3 1/2-1/2

[Event "British Columbia Closed"]
[Site "Victoria CAN"]
[Date "2010.10.11"]
[Round "7"]
[White "Patterson, Roger"]
[Black "McLaren, Brian"]
[Result "1/2-1/2"]
[WhiteElo "2154"]
[BlackElo "2203"]
[PlyCount "68"]
[EventDate "2010.10.08"]
[EventType "tourn"]
[EventRounds "7"]
[EventCountry "CAN"]

1. e4 Nf6 2. e5 Nd5 3. d4 d6 4. Nf3 Bg4 5. Be2 c6 6. exd6 exd6 7. O-O Be7 8. c4
Nb6 9. b3 O-O 10. Nc3 Bf6 11. Be3 d5 12. c5 N6d7 13. b4 Bxf3 14. Bxf3 Na6 15.
b5 Naxc5 16. bxc6 bxc6 17. Rc1 Ne6 18. Na4 Rc8 19. Bg4 Re8 20. Bxe6 Rxe6 21.
Nc5 Nxc5 22. Rxc5 Be7 23. Rc3 Bd6 24. Qa4 f5 25. Bc1 Qe7 26. Ba3 c5 27. dxc5
Bxc5 28. Qc2 Rec6 29. Bxc5 Rxc5 30. Rxc5 Rxc5 31. Qxf5 Qe4 32. Qxe4 dxe4 33.
Re1 Rc2 34. g4 Rxa2 1/2-1/2

[Event "British Columbia Closed"]
[Site "Victoria CAN"]
[Date "2010.10.11"]
[Round "7"]
[White "Steininger, Gavin"]
[Black "Yoos, John"]
[Result "1/2-1/2"]
[WhiteElo "2130"]
[BlackElo "2466"]
[PlyCount "56"]
[EventDate "2010.10.08"]
[EventType "tourn"]
[EventRounds "7"]
[EventCountry "CAN"]

1. e4 c5 2. Nf3 d6 3. d4 Nf6 4. Nc3 cxd4 5. Nxd4 Nc6 6. Bg5 a6 7. Qd2 Qb6 8.
Nxc6 bxc6 9. Be2 h6 10. Be3 Qc7 11. O-O e6 12. f4 Bb7 13. Rad1 Be7 14. Kh1 Rd8
15. Qe1 d5 16. e5 Nd7 17. Qg3 g6 18. Bg4 Nf8 19. Ne2 c5 20. c3 h5 21. Bh3 a5
22. Ng1 a4 23. Nf3 Rb8 24. Ng5 Bc8 25. Bc1 Rb6 26. Rf2 Qb7 27. Qd3 Qa6 28. Qd2
Nd7 1/2-1/2

[Event "British Columbia Closed"]
[Site "Victoria CAN"]
[Date "2010.10.11"]
[Round "7"]
[White "Wu, Howard"]
[Black "Sohal, Tanraj"]
[Result "1/2-1/2"]
[WhiteElo "2167"]
[BlackElo "2130"]
[PlyCount "86"]
[EventDate "2010.10.08"]
[EventType "tourn"]
[EventRounds "7"]
[EventCountry "CAN"]

1. e4 c5 2. Nf3 Nc6 3. d4 cxd4 4. Nxd4 Nf6 5. Nc3 e5 6. Ndb5 d6 7. Bg5 a6 8.
Na3 Be6 9. Nc4 Rc8 10. Bxf6 gxf6 11. Bd3 Ne7 12. Ne3 Qb6 13. Qc1 Bh6 14. O-O
Rg8 15. Ncd5 Nxd5 16. Nxd5 Bxc1 17. Nxb6 Rc6 18. Nd5 Bg5 19. f4 exf4 20. h4
Bxh4 21. Rxf4 Bg5 22. Nxf6+ Bxf6 23. Rxf6 Rc5 24. Kf2 Rcg5 25. Bf1 Ke7 26. Rf3
Rc5 27. c3 Re5 28. Bd3 Rg4 29. g3 d5 30. exd5 Rxd5 31. Re1 Rgg5 32. Rfe3 Rh5
33. g4 Rh2+ 34. Kg3 Rxb2 35. Bc4 Rd6 36. Rh1 Kd7 37. Bxe6+ Rxe6 38. Rf3 Ke7 39.
Rxh7 Rf6 40. Re3+ Kf8 41. Rh8+ Kg7 42. Rb8 b5 43. a4 Rc6 1/2-1/2

[Event "British Columbia-ch U20"]
[Site "New Westminster CAN"]
[Date "2010.11.13"]
[Round "1"]
[White "Cheng, Jack"]
[Black "Rathburn, Hector"]
[Result "0-1"]
[WhiteElo "1935"]
[BlackElo "1627"]
[PlyCount "104"]
[EventDate "2010.11.13"]
[EventType "swiss"]
[EventRounds "5"]
[EventCountry "CAN"]

1. e4 c5 2. Nf3 d6 3. d4 cxd4 4. Nxd4 Nf6 5. Nc3 a6 6. Be2 e5 7. Nb3 Be6 8. O-O
Nbd7 9. Kh1 b5 10. a3 Rc8 11. f4 Be7 12. Bf3 Bc4 13. Re1 O-O 14. Nd2 Nb6 15.
Nxc4 bxc4 16. Nd5 Nbxd5 17. exd5 Nd7 18. f5 Bg5 19. Be4 Bxc1 20. Rxc1 Qb6 21.
Rb1 Qf2 22. Qf3 Qxf3 23. gxf3 c3 24. b3 a5 25. Rg1 Kh8 26. Kg2 g6 27. Kf2 Nf6
28. Rbd1 Nh5 29. Ke3 Nf4 30. h4 Rc5 31. fxg6 hxg6 32. Rh1 f5 33. Bd3 Nxd5+ 34.
Kf2 Nf6 35. b4 axb4 36. axb4 Rc7 37. b5 d5 38. Rb1 Rb8 39. Rb3 e4 40. Be2 d4
41. Rc1 Rb6 42. Kg3 Nh5+ 43. Kf2 Rc5 44. Ra1 Nf4 45. Ra6 Nxe2 46. Rxb6 Nc1 47.
Rb1 e3+ 48. Ke1 d3 49. Rxc1 d2+ 50. Kd1 e2+ 51. Kxe2 Re5+ 52. Kd3 dxc1=Q 0-1

[Event "British Columbia-ch U20"]
[Site "New Westminster CAN"]
[Date "2010.11.13"]
[Round "1"]
[White "Foote, Joanne"]
[Black "Xiao, Alice"]
[Result "0-1"]
[WhiteElo "1470"]
[BlackElo "1728"]
[PlyCount "82"]
[EventDate "2010.11.13"]
[EventType "swiss"]
[EventRounds "5"]
[EventCountry "CAN"]

1. e4 d5 2. exd5 Qxd5 3. d4 Nf6 4. Nc3 Qa5 5. Nf3 Bf5 6. Be2 e6 7. a3 c6 8. Bd3
Nbd7 9. Bxf5 Qxf5 10. b4 Nd5 11. Nxd5 cxd5 12. O-O Be7 13. Bd2 O-O 14. Rc1 Nb6
15. Ne5 Bd6 16. Re1 Rac8 17. Nd3 Rc4 18. Be3 Na4 19. Qd2 b6 20. c3 Rfc8 21. Nb2
Nxb2 22. Qxb2 h5 23. Qd2 h4 24. h3 Kh7 25. Red1 Qh5 26. Rc2 Rxc3 27. Rdc1 Rxc2
28. Rxc2 Rxc2 29. Qxc2+ Qg6 30. Qxg6+ Kxg6 31. Kf1 Kf5 32. Ke2 e5 33. Kd3 exd4
34. Kxd4 Ke6 35. Bg5 Be5+ 36. Kd3 Bf6 37. Be3 Be7 38. Kd4 Kd6 39. Bf4+ Kc6 40.
Be3 b5 41. Kd3 a6 0-1

[Event "British Columbia-ch U20"]
[Site "New Westminster CAN"]
[Date "2010.11.13"]
[Round "1"]
[White "Lo, Ryan"]
[Black "He, Andy"]
[Result "1-0"]
[WhiteElo "1860"]
[BlackElo "1488"]
[PlyCount "116"]
[EventDate "2010.11.13"]
[EventType "swiss"]
[EventRounds "5"]
[EventCountry "CAN"]

1. d4 d5 2. c4 Nf6 3. cxd5 Nxd5 4. Nf3 e6 5. e4 Nf6 6. Nc3 Nc6 7. Be3 Be7 8. a3
a6 9. h3 b6 10. Bd3 Bb7 11. O-O h6 12. Bc2 Qd7 13. b4 Nh7 14. Qd3 Ng5 15. Bxg5
Bxg5 16. Nxg5 hxg5 17. d5 Ne7 18. Ba4 b5 19. Bb3 O-O 20. Qg3 exd5 21. exd5 c6
22. dxc6 Qxc6 23. Rac1 Qf6 24. Qc7 Rab8 25. Rfe1 Ng6 26. Nd5 Bxd5 27. Bxd5 Nf4
28. Rcd1 Rbc8 29. Qe5 Qxe5 30. Rxe5 Nxd5 31. Rexd5 Rc3 32. R1d3 Rfc8 33. Kf1 f6
34. Ke2 Kf7 35. Rd7+ Kg6 36. Ra7 Rxd3 37. Kxd3 Rc6 38. g4 Kh6 39. Kd4 g6 40.
Kd5 Rb6 41. Kc5 Re6 42. Rb7 Re2 43. Rb6 Rxf2 44. Rxa6 f5 45. Kxb5 f4 46. Rc6
Re2 47. Rc1 f3 48. Rf1 f2 49. a4 Re5+ 50. Kc4 Re4+ 51. Kc5 Re5+ 52. Kd4 Re8 53.
Rxf2 Ra8 54. a5 Rb8 55. Kc5 Kg7 56. b5 Rc8+ 57. Kb4 Kh7 58. a6 Ra8 1-0

[Event "British Columbia-ch U20"]
[Site "New Westminster CAN"]
[Date "2010.11.13"]
[Round "1"]
[White "Qian, Jack"]
[Black "Sohal, Tanraj"]
[Result "0-1"]
[WhiteElo "1672"]
[BlackElo "2153"]
[PlyCount "88"]
[EventDate "2010.11.13"]
[EventType "swiss"]
[EventRounds "5"]
[EventCountry "CAN"]

1. e4 c5 2. Nf3 Nc6 3. d4 cxd4 4. Nxd4 Nf6 5. Nc3 e6 6. Ndb5 d6 7. Bf4 e5 8.
Bg5 a6 9. Na3 Be6 10. Nd5 Bxd5 11. Bxf6 Qa5+ 12. c3 Be6 13. Bg5 d5 14. exd5
Qxd5 15. Qxd5 Bxd5 16. O-O-O Bxa2 17. Bc4 Bxc4 18. Nxc4 f6 19. Be3 Be7 20. Bb6
Rc8 21. Nd6+ Bxd6 22. Rxd6 Rf8 23. Rhd1 Rf7 24. Bc5 Rd8 25. Re6+ Ne7 26. Re1
Rd5 27. Bxe7 Rxe7 28. Rxe7+ Kxe7 29. Kc2 Ke6 30. Re2 f5 31. b4 e4 32. g4 g6 33.
gxf5+ gxf5 34. f3 Ke5 35. fxe4 fxe4 36. Rg2 Rd7 37. c4 Kf4 38. Rd2 Rxd2+ 39.
Kxd2 Kf3 40. Ke1 Ke3 41. h4 h5 42. c5 Kd3 43. Kd1 e3 44. Ke1 e2 0-1

[Event "British Columbia-ch U20"]
[Site "New Westminster CAN"]
[Date "2010.11.13"]
[Round "1"]
[White "Yee, Anderson"]
[Black "Doknjas, John"]
[Result "0-1"]
[WhiteElo "1524"]
[BlackElo "1883"]
[PlyCount "146"]
[EventDate "2010.11.13"]
[EventType "swiss"]
[EventRounds "5"]
[EventCountry "CAN"]

1. d4 Nf6 2. c4 c5 3. d5 e6 4. Nc3 exd5 5. cxd5 d6 6. e4 g6 7. f4 Bg7 8. Bb5+
Nfd7 9. a4 O-O 10. Nf3 Na6 11. O-O Nb4 12. Re1 a6 13. Bd3 Re8 14. Na2 Nxa2 15.
Rxa2 Rb8 16. a5 b5 17. axb6 Rxb6 18. Qc2 Nf6 19. Bd2 Qe7 20. Bc3 Bg4 21. Ba5
Rbb8 22. Bc3 Bxf3 23. gxf3 Nh5 24. Bd2 Qh4 25. Re2 Bd4+ 26. Kg2 Nxf4+ 27. Bxf4
Qxf4 28. Qd2 Qh4 29. Bxa6 Re5 30. Kh1 Qh3 31. Rf2 Bxf2 32. Qxf2 Qh6 33. Qe2
Qc1+ 34. Qf1 Qxf1+ 35. Bxf1 Rb3 36. Kg2 Rb4 37. h3 Re8 38. Kg3 Reb8 39. Ra6
R4b6 40. Ra7 Rxb2 41. Kf4 Rc8 42. Kg5 Kg7 43. Rd7 c4 44. Rxd6 c3 45. Bd3 c2 46.
Bxc2 Rbxc2 47. e5 Re8 48. e6 h6+ 49. Kf4 fxe6 50. dxe6 Re2 51. Rd7+ Kg8 52. e7
R2xe7 53. Rd6 Re6 54. Rd7 R8e7 55. Rd8+ Kg7 56. Kg4 h5+ 57. Kg5 Re5+ 58. Kf4
Rf5+ 59. Kg3 Re3 60. Rd7+ Rf7 61. Rxf7+ Kxf7 62. Kf4 Re6 63. Kg5 Rf6 64. f4 Kg7
65. f5 Rxf5+ 66. Kh4 Kf6 67. Kg3 g5 68. h4 g4 69. Kg2 Ke5 70. Kg3 Ke4 71. Kh2
Kf3 72. Kh1 g3 73. Kg1 Rd5 0-1